00443 a2200229 4500245005300000100001400053700001800067260000900085300001100094035000900105035000900114035000900123035000900132035000900141035000900150035000900159035000900168035000900177035000900186035000900195035000900204 aGuide de médecine en Afrique et Océan Indien aMazer, A. aSankolé, M. c1988 a639 p. a6814 a7415 a6644 a7413 a7412 a7417 a7416 a7419 a7414 a7483 a7246 a7418